Reseña descriptiva é histórica de Albages / (Record no. 143660)

MARC details
000 -LEADER
campo de control de longitud fija 00819cam a22002531 4500
001 - NÚMERO DE CONTROL
campo de control 143660
003 - IDENTIFICADOR DE NÚMERO DE CONTROL
campo de control SpMaBN
005 - FECHA Y HORA DE LA ÚLTIMA TRANSACCIÓN
campo de control 20230925163026.0
008 - DATOS DE LONGITUD FIJA--INFORMACIÓN GENERAL
campo de control de longitud fija 981210s1952 sp spa
016 7# - NÚMERO DE CONTROL DE UNA AGENCIA BIBLIOGRÁFICA NACIONAL
Número de control del registro bimoBNE20000172808
Número de control cancelado/no válido IND9800829979
Fuente SpMaBN
035 ## - NÚMERO DE CONTROL DEL SISTEMA
Número de control de sistema (OCoLC)432713821
040 ## - FUENTE DE CATALOGACIÓN
Centro catalogador/agencia de origen SpMaBN
Lengua de catalogación spa
Centro/agencia transcriptor CDM
Centro/agencia modificador ES-MaACL
080 ## - NÚMERO DE LA CLASIFICACIÓN DECIMAL UNIVERSAL
Número de la Clasificación Decimal Universal 9(460.231 Albagés)
080 ## - NÚMERO DE LA CLASIFICACIÓN DECIMAL UNIVERSAL
Número de la Clasificación Decimal Universal 91(460.231 Albagés)
100 0# - ENTRADA PRINCIPAL--NOMBRE DE PERSONA
Nombre de persona Sero Serra, Casimiro
9 (RLIN) 105592
245 10 - MENCIÓN DEL TÍTULO
Título Reseña descriptiva é histórica de Albages /
Mención de responsabilidad, etc. por el Rvdo. D. Casimiro Seró Serra
260 ## - PUBLICACIÓN, DISTRIBUCIÓN, ETC.
Lugar de publicación, distribución, etc. [Bellpuig :
Nombre del editor, distribuidor, etc. s.n.,
Fecha de publicación, distribución, etc. 1952?]
Fabricante Imp. Saladrigues
300 ## - DESCRIPCIÓN FÍSICA
Extensión 95 p., 2 h. de lám. ;
Dimensiones 22 cm
651 #4 - PUNTO DE ACCESO ADICIONAL DE MATERIA--NOMBRE GEOGRÁFICO
9 (RLIN) 8009
Nombre geográfico Cataluña
Subdivisión general Descripción
852 ## - LOCALIZACIÓN
Ubicación Es-MaACL
itemnumber 148848
Sublocalización o colección R.34317
Número de control de estantería 1970-F-3
Ubicación en estantería Depósito folletos
942 ## - ELEMENTOS DE ENTRADA SECUNDARIOS (KOHA)
Fuente del sistema de clasificación o colocación Clasificación decimal universal
956 ## - LOCALIZACIÓN Y ACCESO ELECTRÓNICOS LOCAL (OCLC)
Nombre del host 1
Holdings
Estatus retirado Estado de pérdida Fuente del sistema de clasificación o colocación Estado de daño No para préstamo Colección Biblioteca de origen Biblioteca actual Ubicación en estantería Fecha de adquisición Total de préstamos Signatura topográfica completa Código de barras Visto por última vez Precio de reemplazo Tipo de ítem Koha
    Clasificación decimal universal     Colección de folletos Biblioteca del Ateneo de Madrid Biblioteca del Ateneo de Madrid Depósito folletos 17/01/2008   1970-F-3 1149466 23/02/2023 23/02/2023 Folleto